| 000 | 01360nam a2200349 i 4500 | ||
|---|---|---|---|
| 001 | 000027872 | ||
| 003 | DO-SdBNP | ||
| 005 | 20250717074016.0 | ||
| 007 | ta | ||
| 008 | 110405s1992 dr 000 0 spa d | ||
| 040 |
_aDO-SdBNP _bspa _cBNPHU _erda |
||
| 041 | _hspa | ||
| 082 | 4 |
_a025.324 _bM294g _222 |
|
| 245 | 0 | 0 |
_aGuía para la redacción de referencias bibliográficas / _cpreparada y compilada por Ana Mariana Méndez Gómez ; edición, Miguel Collado y Avelino Stanley. |
| 264 | 4 |
_aSanto Domingo : _bBiblioteca Nacional Pedro Henríquez Ureña (BNPHU), _c©1992. |
|
| 300 |
_a56 páginas ; _c21 cm. |
||
| 336 |
_atexto _btxt _2rdacontent |
||
| 337 |
_asin mediación _bn _2rdamedia |
||
| 338 |
_avolumen _bnc _2rdacarrier |
||
| 490 | 1 | _aColección Orfeo : 2a etapa | |
| 490 | 1 |
_aSerie bibliográfica _v1 |
|
| 504 | _aBibliografia : páginas 57 | ||
| 590 | _aInventariado, 2024/BT | ||
| 650 | 7 |
_aCitas bibliográficas _vNormas _2LEMB _986855 |
|
| 700 | 1 |
_aMéndez Gómez, Ana Marina, _ecompilador _4comp. _975912 |
|
| 700 | 1 |
_aCollado, Miguel A., _d1954- _eeditor _4ed. _924696 |
|
| 700 | 1 |
_aStanley, Avelino, _d1959- _eeditor _4ed. _91536 |
|
| 710 | 2 |
_aBiblioteca Nacional Pedro Henríquez Ureña _981292 |
|
| 830 | 0 |
_aColección Orfeo : 2a etapa _pSerie bibliográfica _v1 _954945 |
|
| 910 | _aValidado. Control de calidad MFF | ||
| 942 |
_2ddc _cLBS1 |
||
| 999 |
_c27364 _d27364 |
||